|
|
|
|
| LEADER |
00000nab a2200000 ar4500 |
| 001 |
vtls010261506 |
| 003 |
SK-MaSNL |
| 005 |
20260303212623.0 |
| 008 |
110304c2011 xo wr|p|||||||000 b|slo |
| 038 |
|
|
|a PPPK
|
| 040 |
|
|
|a PPPKCL
|b slo
|c PPPKCL
|e AACR2
|
| 041 |
0 |
|
|a slo
|
| 044 |
|
|
|a xo
|c SK
|
| 080 |
|
|
|a 349.44
|x (437.6)
|2 2001
|
| 080 |
|
|
|a 725.8
|2 2001
|
| 245 |
0 |
0 |
|a Z pivovaru má byť multifunkčné centrum
|c [text a foto] (bel)
|
| 300 |
|
|
|b Fotogr.
|
| 610 |
2 |
7 |
|a Pivovar Tatran (Poprad, slovensko)
|2 pppkcl
|9 1081675
|
| 650 |
0 |
7 |
|a územné plánovanie
|2 pppkcl
|9 2641
|
| 650 |
0 |
7 |
|a multifunkčné centrá
|2 pppkcl
|9 1028570
|
| 651 |
|
7 |
|a Poprad (Slovensko)
|2 pppkcl
|9 20155
|
| 773 |
0 |
|
|t Podtatranské noviny
|g Roč. LII, č. 8 (2011), s. 1 a 4
|x 1210-2423
|
| 852 |
|
|
|a PPPK
|b KIS3GCP
|
| 999 |
|
|
|c 2208213
|d 2210143
|